Helsingin yliopiston keskustakampuksen rakennukset - Statistics

Yleistilastot
  • Tätä visaa on pelattu 18 kertaa
  • Keskiarvotulos 6 / 17
Vastaustilastot
Katu Rakennus % Oikein
Fabianinkatu Päärakennus
93%
Yliopistonkatu Porthania
87%
Fabianinkatu Kaisa-talo
67%
Yliopistonkatu Tiedekulma
67%
Unioninkatu Metsätalo
47%
Siltavuorenpenger Minerva
40%
Unioninkatu Topelia
40%
Siltavuorenpenger Athena
33%
Fabianinkatu Kielikeskus
33%
Unioninkatu Snellmania
27%
Siltavuorenpenger Apollon
20%
Arkadiankatu Economicum
20%
Snellmaninkatu Svenska social- och kommunalhögskolan
20%
Siltavuorenpenger Artemis
13%
Fabianinkatu Fabianinkatu 24
13%
Unioninkatu Unioninkatu 33
13%
Unioninkatu Unioninkatu 35
13%
Ehtoja vastaavia visoja ei löytynyt
Tulosjakauma
Jokaisen tuloksen saaneiden osuus
Persentiili vastausten määrän mukaan
Tuloshistoriasi
Et ole pelannut tätä visaa